000 00726cam a22002291 4500
001 sa 68000945
003 DLC
005 20260227112428.0
008 750801s1967 ii a b 000 0 eng
010 _asa 68000945
035 _a(OCoLC)1499152
040 _aDLC
_cFJUNF
_dNcRS
_dDLC
042 _apremarc
050 0 0 _aHT720
_b.S47 1967
082 _a301.44/0954/2
100 1 _aSingh, K. K.
_q(Kailash Kumar),
_d1930-
245 1 0 _aPatterns of caste tension;
_ba study of intercaste tension and conflict
_c[by] K. K. Singh.
260 _aBombay,
_aNew York,
_bAsia Pub. House,
_c[1967]
300 _axiv, 118 p.
_billus.
_c22 cm.
504 _aBibliography: p. [120]
650 0 _aCaste
_zIndia
_zUttar Pradesh
_vCase studies.
999 _c77568
_d77568